00416nam a2200169Ia 4500008004100000100002700041245003400068245002600102260002400128260000900152300001400161440002400175650001600199650001200215650000900227650001000236190425s9999 xx 000 0 und d aSimeon, Louise Maureen aPalay price up for 11th week/ cLouise Maureen Simeon bThe Philippine Star c2018 aAugust 25 aThe Philippine Star aagriculture afarmers arice astock